Người giáo viên chủ nhiệm
Đã lưu trong:
| Tác giả chính: | |
|---|---|
| Tác giả khác: | |
| Định dạng: | Sách |
| Được phát hành: |
Tp. Hồ Chí Minh
Nxb Tp. Hồ Chí Minh
1989
|
| Những chủ đề: | |
| Các nhãn: |
Thêm thẻ
Không có thẻ, Là người đầu tiên thẻ bản ghi này!
|
| Thư viện lưu trữ: | Trung tâm Học liệu Lê Vũ Hùng, Trường Đại học Đồng Tháp |
|---|
| LEADER | 00849pam a22002298a 4500 | ||
|---|---|---|---|
| 001 | 00022514 | ||
| 005 | 20171026081023.0 | ||
| 008 | 110530s1989 ||||||Viesd | ||
| 041 | 0 | # | |a Vie |
| 082 | 1 | 4 | |a 371.1 |b NG558GI |
| 100 | 0 | # | |a Bônđưrép, N.I |
| 245 | 0 | 0 | |a Người giáo viên chủ nhiệm |c N.I.Bônđưrép; Nguyễn Thị Phương Mai |
| 260 | # | # | |a Tp. Hồ Chí Minh |b Nxb Tp. Hồ Chí Minh |c 1989 |
| 300 | # | # | |a 80 tr. |c 21 cm. |
| 500 | # | # | |a ĐTTS ghi: Trường cán bộ quản lí & nghiệp - Bộ giáo dục |
| 653 | # | # | |a Chủ nhiệm |
| 653 | # | # | |a Giáo viên |
| 700 | 0 | # | |a Nguyễn Thị Phương Mai |
| 852 | # | # | |b Kho đọc |j KD.0009506 |
| 852 | # | # | |j KD.0009506 |
| 910 | 0 | # | |a Đức |d 30/05/2011 |
| 980 | # | # | |a Trung tâm Học liệu Lê Vũ Hùng, Trường Đại học Đồng Tháp |